Т. 2 : Инвестиционный менеджмент; Инвестиции

書誌詳細
Parent link:Инвестиции: учебник и практикум для бакалавриата и магистратуры/ О. В. Борисова, Н. И. Малых, Л. В. Овешникова; Финансовый университет при Правительстве Российской Федерации. Т. 2 : Инвестиционный менеджмент.— , 2016.— 978-5-9916-5998-7
要約:Представленный учебник успешно решает задачу по овладению студентами знаниями по широкому кругу проблем, связанных с инвестиционной деятельностью.Во втором томе рассматриваются особенности капитальных вложений как объекта инвестирования, проблемы инвестиции в ценные бумаги. Особое внимание уделено вопросам формирования инвестиционного портфеля и управления инвестиционными проектами, в том числе инновационными. Отдельная глава посвящена такому слабо представленному в современной'учебной литературе виду инвестиций, как тезаврация.
言語:ロシア語
出版事項: 2016
主題:
フォーマット: MixedMaterials 図書
KOHA link:https://koha.lib.tpu.ru/cgi-bin/koha/opac-detail.pl?biblionumber=315149

MARC

LEADER 00000nam2a2200000 4500
001 315149
005 20231102002740.0
010 |a 9785991669757 
035 |a (RuTPU)RU\TPU\book\340582 
090 |a 315149 
100 |a 20160226d2016 m y0rusy50 ca 
101 0 |a rus 
102 |a RU 
105 |a y j 001zy 
200 0 |a Т. 2 : Инвестиционный менеджмент 
210 |d 2016 
215 |a 309 с. 
320 |a Библиогр.: с. 295-296. 
330 |a Представленный учебник успешно решает задачу по овладению студентами знаниями по широкому кругу проблем, связанных с инвестиционной деятельностью.Во втором томе рассматриваются особенности капитальных вложений как объекта инвестирования, проблемы инвестиции в ценные бумаги. Особое внимание уделено вопросам формирования инвестиционного портфеля и управления инвестиционными проектами, в том числе инновационными. Отдельная глава посвящена такому слабо представленному в современной'учебной литературе виду инвестиций, как тезаврация. 
461 1 |0 (RuTPU)RU\TPU\book\342395  |y 978-5-9916-5998-7  |t Инвестиции  |o учебник и практикум для бакалавриата и магистратуры  |o в 2 т.  |f О. В. Борисова, Н. И. Малых, Л. В. Овешникова  |g Финансовый университет при Правительстве Российской Федерации  |v Т. 2 : Инвестиционный менеджмент  |d 2016  |s Бакалавр и магистр. Академический курс 
606 1 |a Инвестиции  |2 stltpush  |3 (RuTPU)RU\TPU\subj\36163  |9 57637 
610 1 |a экономика 
610 1 |a управление 
610 1 |a финансы 
610 1 |a инвестирование 
610 1 |a капитальные вложения 
610 1 |a финансовые активы 
610 1 |a тезаврационные инвестиции 
610 1 |a иностранные инвестиции 
610 1 |a инновации 
610 1 |a инвестиционные проекты 
610 1 |a инвестиционная деятельность 
610 1 |a организации 
610 1 |a финансирование 
610 1 |a инвестиционный менеджмент 
610 1 |a лизинг 
610 1 |a кредитование 
610 1 |a проектное финансирование 
610 1 |a венчурное финансирование 
610 1 |a практикумы 
610 1 |a учебники 
686 |a У9(2)0-56я73  |v LBC/SL-A  |2 rubbk 
801 1 |a RU  |b 63413507  |c 20160226 
801 2 |a RU  |b 63413507  |c 20160406  |g RCR 
900 |a Инвестиции 
900 |a Инвестиционный менеджмент 
942 |c BK 
951 |l 8.1  |l 8.3 
959 |a 24/20160224  |d 1  |e 679,00  |f ЧЗГЛ:1